Indiana Cities A-Z - Statistics

General Stats
  • This quiz has been taken 96 times
    66 since last reset
  • The average score is 14 of 22
Answer Stats
Population Municipality or CDP % Correct
I 877,903 Indianapolis
98%
F 272,398 Fort Wayne
96%
G 74,693 Gary
88%
E 118,407 Evansville
86%
B 85,603 Bloomington
82%
S 101,868 South Bend
82%
C 101,643 Carmel
80%
L 71,484 Lafayette
76%
K 58,243 Kokomo
74%
A 58,243 Anderson
70%
T 60,410 Terre Haute
70%
M 67,523 Muncie
66%
H 75,342 Hammond
60%
N 65,835 Noblesville
58%
Z 30,603 Zionsville
58%
W 51,605 West Lafayette
52%
J 48,530 Jeffersonville
44%
R 35,239 Richmond
42%
V 33,944 Valparaiso
36%
P 37,137 Portage
26%
D 16,517 Dyer
20%
Y 11,548 Yorktown
20%
No matching quizzes found
Score Distribution
Percent of People with Each Score
Percentile by Number Answered
Your Score History
You have not taken this quiz since the last reset